000 01513nam a22003497a 4500
001 BRCA_9247
003 FranzMayer
005 20230717135316.0
008 230712b |||||||| |||| 00| 0 eng d
020 _a9780300263497
040 _aMFM
_besp
_cMFM
041 _aesp
050 0 _aNK8902.591
_bB37 2022
110 1 _aBard Graduate Center
_928638
240 1 _aThreads of Power: Lace from the Textilmuseum of St. Gallen
_ling
245 0 _aThreads of Power
_bLace from the Textilmuseum of St.Gallen
260 _aBélgica
_bBrad Graduate Center
_c2022
300 _aXIV, 418 p
_bilustraciones
_c27 cm
500 _aL60/N3
505 0 _aTraducción de: Frieda SorberTraducción de: Barbara KarlTraducción de: Anne Wanner-Jean-RichardDistribuido por: Yale University Press, New Haven and LondonAdaptación de: The Collection of Historical Lace in the Textilmuseum St GallenTexto en: inglésDestinado a: museógrafos, artistas, historiadores, diseñadores, diseñadores de modaIncluye índice (temático)Bibliografía 395-418
610 1 _aBard Graduate Center
_928639
650 1 _2Arte textil
_aMuseos
_vEuropa
_928828
651 2 _2Europa
_aSuiza
_928829
700 1 _4Ed.
_aCormack,Emma
_928640
700 1 _4Des.
_aGrey, Laura
_928641
700 1 _4Ed.
_aMajer, Michele
_928642
700 1 _4Trad.
_aKarl, Barbara
_928643
700 1 _4Trad.
_aSorber, Frieda
_928644
700 1 _4Trad.
_aWanner-Jean-Richard, Anne
_928645
710 1 _aBard Graduate Center
_928638
942 _2lcc
_cB
999 _c10866
_d10866